| 000 | 01825cam a22004815a 4500 | ||
|---|---|---|---|
| 001 | 14683324 | ||
| 003 | OSt | ||
| 005 | 20140310184358.0 | ||
| 008 | 061229r20061942nyua c 000 1 eng | ||
| 010 | _a 2006287711 | ||
| 020 | _a0590339834 | ||
| 040 |
_aDLC _cDLC _dDLC |
||
| 042 | _alcac | ||
| 043 | _ae-uk--- | ||
| 050 | 0 | 0 |
_aPZ 7 _b.G842Ad 1942 |
| 100 | 1 |
_aGray, Elizabeth Janet _d1902-1999. _925628 |
|
| 245 | 1 | 0 |
_aAdam of the road / _cElizabeth Janet Gray ; illustrated by Robert Lawson. |
| 260 |
_aNew York : _bPuffin Books, _c2006. |
||
| 300 |
_a317 p. : _billus. ; _c18 cm. |
||
| 490 | 0 | _aPuffin modern classics | |
| 500 | _aMap on lining-papers. | ||
| 500 | _aFirst published by The Viking Press in 1942. | ||
| 520 | _aThe adventures of eleven-year-old Adam as he travels the open roads of thirteenth-century England searching for his missing father, a minstrel, and his stolen red spaniel, Nick. | ||
| 521 | _aG9 | ||
| 526 | _c1030 | ||
| 586 | _aNewbery Medal, 1943. | ||
| 650 | 1 |
_aMinstrels _vFiction. _925629 |
|
| 650 | 1 |
_aFathers and sons _vFiction. _925630 |
|
| 650 | 1 |
_aDogs _vFiction. _925631 |
|
| 650 | 1 |
_aSelf-reliance _vFiction. _925632 |
|
| 650 | 1 |
_aVoyages and travels _vFiction. _925633 |
|
| 650 | 1 |
_aMiddle Ages _vFiction. _925634 |
|
| 651 | 0 |
_aGreat Britain _xHistory _yPlantagenets, 1154-1399 _vJuvenile fiction. _925635 |
|
| 651 | 1 |
_aGreat Britain _xHistory _yPlantagenets, 1154-1399 _vFiction. _925636 |
|
| 700 | 1 |
_aLawson, Robert, _d1892-1957, _eill. _925637 |
|
| 856 | 4 | 2 |
_3Publisher description _uhttp://www.loc.gov/catdir/enhancements/fy1204/2006287711-d.html |
| 906 |
_a7 _bcbc _corigcop _d2 _encip _f20 _gy-gencatlg |
||
| 942 |
_2lcc _cBK-SCHOLAS |
||
| 999 |
_c34022 _d34022 |
||